| 000 | 01162nam a22001937a 4500 | ||
|---|---|---|---|
| 001 | 8115 | ||
| 003 | FISKH | ||
| 005 | 20250827093401.0 | ||
| 008 | 250827b cb ||||| |||| 00| 0 eng d | ||
| 040 |
_aFISKH _beng _cFISKH _dFISKH |
||
| 082 | _a384 | ||
| 100 | _aUttley, Colin | ||
| 245 |
_aCommunications : _bDisney's wonderful world of knowledge / |
||
| 260 |
_aNew York : _bPaperview Europe, _c2009. |
||
| 300 |
_a57 pages : _bcolor illustrations ; _c26 cm |
||
| 520 | _aCommunications from Disney’s Wonderful World of Knowledge series introduces readers to the many ways humans have shared information through history. It begins with early methods such as cave paintings, smoke signals, and the invention of writing. The book then explains the development of printing, postal systems, the telegraph, and the telephone. It highlights the rise of radio, television, and satellites, showing how technology transformed communication on a global scale. The final sections cover modern innovations like computers and space communications, emphasizing how people can now exchange information instantly across the world. | ||
| 942 |
_2ddc _cBK _n0 |
||
| 999 |
_c8115 _d8115 |
||